00333 a2200133 450000100060000002000180000604000220002410000250004624000410007124500360011230000070014836200090015565000350016468283 a9780230026742 cAnchieta - Pituba aLobo, María José10aAround the world in eighty daysleng10aAround the world in eighty days a160 a2008 4aLiteratura juvenil em inglês